[Event "Oberliga NRW 1314"]
[Site "Germany"]
[Date "2014.03.09"]
[Round "7.5"]
[White "Hubert, Ralf"]
[Black "Homs, Guust"]
[Result "1/2-1/2"]
[WhiteElo "2242"]
[BlackElo "2174"]
[PlyCount "43"]
[EventDate "2013.09.15"]
[EventType "team-tourn"]
[EventRounds "9"]
[EventCountry "GER"]
[SourceTitle "EXT 2015"]
[Source "ChessBase"]
[SourceDate "2014.11.20"]
[SourceVersion "1"]
[SourceVersionDate "2014.11.20"]
[SourceQuality "1"]
[WhiteTeam "Solingen II"]
[BlackTeam "Erkenschwick"]
[WhiteTeamCountry "GER"]
[BlackTeamCountry "GER"]

1. d4 d5 2. c4 e6 3. Nc3 Nf6 4. Bg5 Be7 5. e3 Nbd7 6. Nf3 0-0 7. Rc1 a6 8. Bd3 dxc4 9. Bxc4 b5 10. Bd3 Bb7 11. 0-0 c5 12. Qe2 Rc8 13. Rfd1 cxd4 14. exd4 g6 15. h4 Nd5 16. Nxd5 Bxg5 17. Rxc8 Qxc8 18. Nxg5 Bxd5 19. h5 Qd8 20. Qe3 Qf6 21. Rc1 e5 22. dxe5 1/2-1/2

[Event "NRW Class2 1213"]
[Site "Germany"]
[Date "2013.03.10"]
[Round "7.4"]
[White "Hubert, Ralf"]
[Black "Litwak, Aleksej"]
[Result "1/2-1/2"]
[WhiteElo "2252"]
[BlackElo "2214"]
[PlyCount "42"]
[EventDate "2012.09.16"]
[EventType "team-tourn"]
[EventRounds "9"]
[EventCountry "GER"]
[SourceTitle "EXT 2017"]
[Source "ChessBase"]
[SourceDate "2016.10.25"]
[SourceVersion "1"]
[SourceVersionDate "2016.10.25"]
[SourceQuality "1"]
[WhiteTeam "Solingen III"]
[BlackTeam "Oberhausen"]
[WhiteTeamCountry "GER"]
[BlackTeamCountry "GER"]

1. d4 Nf6 2. c4 e6 3. Nc3 Bb4 4. a3 Bxc3+ 5. bxc3 c5 6. e3 d5 7. cxd5 Nxd5 8. dxc5 Qa5 9. e4 Nf6 10. Qb3 0-0 11. Be3 Nfd7 12. Bb5 Qc7 13. Ne2 Nxc5 14. Qc4 b6 15. Bxc5 bxc5 16. Rd1 a6 17. Ba4 Bd7 18. 0-0 Bb5 19. Bxb5 axb5 20. Qxb5 Rxa3 21. Rd2 Ra5 1/2-1/2

[Event "NRW Class2 1213"]
[Site "Germany"]
[Date "2012.11.18"]
[Round "3.3"]
[White "Haves, Reinhard"]
[Black "Hubert, Ralf"]
[Result "0-1"]
[WhiteElo "2174"]
[BlackElo "2252"]
[PlyCount "60"]
[EventDate "2012.09.16"]
[EventType "team-tourn"]
[EventRounds "9"]
[EventCountry "GER"]
[SourceTitle "EXT 2017"]
[Source "ChessBase"]
[SourceDate "2016.10.25"]
[SourceVersion "1"]
[SourceVersionDate "2016.10.25"]
[SourceQuality "1"]
[WhiteTeam "Neuenkirchen"]
[BlackTeam "Solingen III"]
[WhiteTeamCountry "GER"]
[BlackTeamCountry "GER"]

1. Nf3 Nf6 2. d4 g6 3. g3 Bg7 4. Bg2 0-0 5. 0-0 c6 6. c4 d6 7. Nc3 Bf5 8. d5 Ne4 9. Nd4 Nxc3 10. bxc3 Bd7 11. Qb3 c5 12. Qxb7 cxd4 13. Qxa8 Qb6 14. c5 dxc5 15. a4 dxc3 16. a5 Qa6 17. Rb1 Bb5 18. Rxb5 Qxb5 19. Qxa7 Na6 20. Bg5 c2 21. Be4 Nb4 22. Bxe7 Qxe2 23. Bxc2 Nxc2 24. d6 Bd4 25. Qb7 Ne3 26. Rb1 Ng4 27. Qg2 Bxf2+ 28. Kh1 Ne3 29. Qe4 Be1 30. h4 Bxg3 0-1

[Event "NRW Class2 1213"]
[Site "Germany"]
[Date "2012.09.16"]
[Round "1.3"]
[White "Hubert, Ralf"]
[Black "Lemanczyk, Thomas"]
[Result "1-0"]
[WhiteElo "2252"]
[BlackElo "2201"]
[PlyCount "119"]
[EventDate "2012.09.16"]
[EventType "team-tourn"]
[EventRounds "9"]
[EventCountry "GER"]
[SourceTitle "EXT 2017"]
[Source "ChessBase"]
[SourceDate "2016.10.25"]
[SourceVersion "1"]
[SourceVersionDate "2016.10.25"]
[SourceQuality "1"]
[WhiteTeam "Solingen III"]
[BlackTeam "Gerresheim"]
[WhiteTeamCountry "GER"]
[BlackTeamCountry "GER"]

1. d4 e6 2. c4 Nf6 3. Nf3 b6 4. e3 Bb7 5. Be2 Be7 6. Nc3 0-0 7. 0-0 d5 8. cxd5 exd5 9. Qb3 Nbd7 10. Bd2 c6 11. Rfd1 Bd6 12. Nh4 g6 13. Be1 Ne4 14. g3 f5 15. Nxe4 fxe4 16. Bb4 Bxb4 17. Qxb4 Nf6 18. Rac1 Qd7 19. Rd2 Rf7 20. Qa3 a5 21. Rdc2 Ne8 22. f4 exf3 23. Nxf3 Qe7 24. Ne5 Qxa3 25. bxa3 Re7 26. Rb2 b5 27. Rb3 Nd6 28. Nxc6 Bxc6 29. Rxc6 Nc4 30. Bf3 Rd8 31. Rxb5 Nxe3 32. Rxa5 Rb8 33. Rc1 Rb2 34. Re1 Rc7 35. Rc5 Re7 36. Rc3 Nf5 37. Bxd5+ Kg7 38. Rxe7+ Nxe7 39. Bc4 Nf5 40. Rd3 Nd6 41. Bd5 g5 42. a4 h5 43. h3 Kf6 44. Bb3 g4 45. hxg4 hxg4 46. a5 Kf5 47. Re3 Ne4 48. Be6+ Kxe6 49. Rxe4+ Kf6 50. Rf4+ Ke6 51. a4 Kd5 52. Rxg4 Ra2 53. Rg5+ Kxd4 54. a6 Ke3 55. a5 Rc2 56. a7 Rc8 57. Rf5 Ke4 58. Rf7 Ke5 59. Rb7 Ra8 60. Kg2 1-0

[Event "NRW Class2 1112"]
[Site "Germany"]
[Date "2012.03.25"]
[Round "8.3"]
[White "Adamski, Jan"]
[Black "Hubert, Ralf"]
[Result "1-0"]
[WhiteElo "2288"]
[BlackElo "2237"]
[PlyCount "67"]
[EventDate "2011.09.18"]
[EventType "team-tourn"]
[EventRounds "9"]
[EventCountry "GER"]
[SourceTitle "EXT 2015"]
[Source "ChessBase"]
[SourceDate "2014.11.20"]
[SourceVersion "1"]
[SourceVersionDate "2014.11.20"]
[SourceQuality "1"]
[WhiteTeam "Letmathe"]
[BlackTeam "Solingen III"]
[WhiteTeamCountry "GER"]
[BlackTeamCountry "GER"]

1. Nf3 Nf6 2. c4 g6 3. Nc3 Bg7 4. e4 0-0 5. d4 d6 6. Be2 e5 7. 0-0 Na6 8. Be3 Ng4 9. Bg5 Qe8 10. c5 h6 11. Bh4 exd4 12. Nd5 dxc5 13. Bxa6 bxa6 14. Nxc7 Qxe4 15. Nxa8 Bb7 16. Nc7 Be5 17. Bg3 Bxg3 18. hxg3 Qc6 19. b4 Rd8 20. bxc5 Qxc7 21. Nxd4 Qe5 22. Qxg4 Rxd4 23. Qh3 Qd5 24. Rac1 Bc6 25. f3 Kh7 26. Rf2 f5 27. g4 f4 28. g5 Qxg5 29. Qe6 Bxf3 30. Rxf3 Rd2 31. Rf2 f3 32. Qf7+ Kh8 33. Qe8+ Kh7 34. Rcf1 1-0

[Event "NRW Class2 0910"]
[Site "Germany"]
[Date "2010.02.21"]
[Round "7.3"]
[White "Pruijssers, Roeland"]
[Black "Hubert, Ralf"]
[Result "1-0"]
[WhiteElo "2401"]
[BlackElo "2289"]
[PlyCount "55"]
[EventDate "2009.09.20"]
[EventType "team-tourn"]
[EventRounds "9"]
[EventCountry "GER"]
[SourceTitle "EXT 2011"]
[Source "ChessBase"]
[SourceDate "2010.11.26"]
[SourceVersion "1"]
[SourceVersionDate "2010.11.26"]
[SourceQuality "1"]
[WhiteTeam "Emsdetten Turm II"]
[BlackTeam "Solingen SG III"]
[WhiteTeamCountry "GER"]
[BlackTeamCountry "GER"]

1. e4 c5 2. Nf3 d6 3. d4 cxd4 4. Nxd4 Nf6 5. Nc3 g6 6. Be3 Bg7 7. f3 Nc6 8. Qd2 0-0 9. Bc4 Bd7 10. 0-0-0 Qa5 11. Nb3 Qb4 12. Be2 Na5 13. g4 Be6 14. Nd4 Nc4 15. Bxc4 Bxc4 16. Bh6 Bh8 17. Bxf8 Kxf8 18. h4 Rc8 19. h5 g5 20. Qxg5 Rc5 21. Qe3 Nd7 22. g5 Be6 23. a3 Qa5 24. g6 Ke8 25. Rhg1 hxg6 26. hxg6 fxg6 27. Nxe6 Rxc3 28. Qh6 1-0

[Event "NRW Class2 0910"]
[Site "Germany"]
[Date "2009.09.20"]
[Round "1.4"]
[White "Ruijgrok, Dennis"]
[Black "Hubert, Ralf"]
[Result "1-0"]
[WhiteElo "2309"]
[BlackElo "2289"]
[PlyCount "103"]
[EventDate "2009.09.20"]
[EventType "team-tourn"]
[EventRounds "9"]
[EventCountry "GER"]
[SourceTitle "EXT 2011"]
[Source "ChessBase"]
[SourceDate "2010.11.26"]
[SourceVersion "1"]
[SourceVersionDate "2010.11.26"]
[SourceQuality "1"]
[WhiteTeam "Erkenschwick"]
[BlackTeam "Solingen SG III"]
[WhiteTeamCountry "GER"]
[BlackTeamCountry "GER"]

1. e4 c5 2. b3 Nf6 3. e5 Nd5 4. Bb2 e6 5. c4 Nb4 6. a3 N4c6 7. Nf3 d6 8. exd6 Qxd6 9. Nc3 e5 10. b4 Bg4 11. h3 Bxf3 12. Qxf3 Nd7 13. Bd3 cxb4 14. Nb5 Qb8 15. Be4 a6 16. Bd5 axb5 17. Bxf7+ Kd8 18. cxb5 Rxa3 19. Bxa3 Nd4 20. Qd3 bxa3 21. 0-0 Bc5 22. Kh1 Qd6 23. Qe4 b6 24. f4 exf4 25. Rae1 g5 26. Qa8+ Qb8 27. Qd5 h6 28. Re4 Nxb5 29. Rfe1 Nd6 30. Ra4 Kc7 31. d4 Qb7 32. dxc5 Qxd5 33. Bxd5 Nxc5 34. Ra7+ Ndb7 35. Bxb7 Nxb7 36. Re7+ Kc6 37. Rexb7 b5 38. Rc7+ Kb6 39. Rcb7+ Kc6 40. Re7 b4 41. Reb7 Ra8 42. Rxa8 Kxb7 43. Ra4 Kb6 44. Rxb4+ Ka5 45. Rb8 Ka4 46. Kg1 a2 47. Kf2 Ka3 48. Kf3 h5 49. Ke4 a1Q 50. Ra8+ Kb2 51. Rxa1 Kxa1 52. Kf5 1-0

[Event "NRW Class2 0809"]
[Site "Germany"]
[Date "2009.03.01"]
[Round "7.4"]
[White "Michielsen, Joost"]
[Black "Hubert, Ralf"]
[Result "1/2-1/2"]
[WhiteElo "2316"]
[BlackElo "2273"]
[PlyCount "93"]
[EventDate "2008.09.21"]
[EventType "team-tourn"]
[EventRounds "9"]
[EventCountry "GER"]
[SourceTitle "EXT 2010"]
[Source "ChessBase"]
[SourceDate "2010.11.25"]
[SourceVersion "1"]
[SourceVersionDate "2010.11.25"]
[SourceQuality "1"]
[WhiteTeam "Castrop Rauxel"]
[BlackTeam "Solingen III"]
[WhiteTeamCountry "GER"]
[BlackTeamCountry "GER"]

1. e4 c5 2. Nf3 d6 3. d4 cxd4 4. Nxd4 Nf6 5. Nc3 g6 6. Be3 Bg7 7. f3 Nc6 8. Qd2 0-0 9. Bc4 Bd7 10. 0-0-0 Qa5 11. Nb3 Qc7 12. g4 b5 13. Bxb5 Rfc8 14. g5 Ne8 15. Nd5 Qb7 16. Qe2 Nb4 17. Nxe7+ Kf8 18. Nxc8 Bxb5 19. Qd2 Rxc8 20. Qxb4 Bd3 21. Qd2 Rxc2+ 22. Qxc2 Bxc2 23. Kxc2 Qa6 24. Rd2 Qxa2 25. Bd4 Bxd4 26. Rxd4 Qa6 27. Nd2 Nc7 28. Rc4 Ne6 29. h4 Nf4 30. Kb1 Kg7 31. Rhc1 h6 32. R1c2 hxg5 33. hxg5 Qb6 34. e5 Ne6 35. Ne4 d5 36. Rc6 Qg1+ 37. Rc1 Qd4 38. Rxe6 dxe4 39. Re7 Qd3+ 40. Ka1 Qa6+ 41. Kb1 Kf8 42. Rcc7 Qd3+ 43. Kc1 Qf1+ 44. Kc2 Qg2+ 45. Kb1 Qxf3 46. Rxa7 Qf1+ 47. Kc2 1/2-1/2

[Event "NRW Class2 0809"]
[Site "Germany"]
[Date "2008.11.09"]
[Round "3.6"]
[White "Zietlow, Thomas"]
[Black "Hubert, Ralf"]
[Result "1/2-1/2"]
[WhiteElo "2124"]
[BlackElo "2273"]
[PlyCount "155"]
[EventDate "2008.09.21"]
[EventType "team-tourn"]
[EventRounds "9"]
[EventCountry "GER"]
[SourceTitle "EXT 2010"]
[Source "ChessBase"]
[SourceDate "2010.11.25"]
[SourceVersion "1"]
[SourceVersionDate "2010.11.25"]
[SourceQuality "1"]
[WhiteTeam "Hagen"]
[BlackTeam "Solingen III"]
[WhiteTeamCountry "GER"]
[BlackTeamCountry "GER"]

1. d4 Nf6 2. c4 g6 3. Nc3 Bg7 4. e4 0-0 5. f3 Nc6 6. Be3 e5 7. Nge2 d6 8. d5 Ne7 9. Qd2 a6 10. c5 dxc5 11. Bxc5 Ne8 12. Ng3 Nd6 13. 0-0-0 Bd7 14. Kb1 Nec8 15. Rc1 Nb6 16. b3 Re8 17. Be3 Qe7 18. a4 Rac8 19. Na2 Na8 20. Qb4 Bf8 21. Be2 Qd8 22. Qd2 b5 23. a5 c5 24. dxc6 Rxc6 25. Bg5 Rxc1+ 26. Rxc1 Qb8 27. Nb4 Nc7 28. Rxc7 Qxc7 29. Nd5 Qc6 30. Nf6+ Kh8 31. Nxe8 Nxe8 32. Bd3 Kg8 33. Qc2 Qd6 34. Ne2 Be6 35. Nc1 h5 36. Be3 Qa3 37. Qa2 Qb4 38. Bd2 Qd4 39. Qb2 Qc5 40. Bc3 Bd6 41. b4 Qc7 42. Qd2 Qe7 43. Bc2 Nc7 44. Nd3 Bc4 45. Nb2 Ne6 46. Nxc4 bxc4 47. Ba4 Nd4 48. Bxd4 exd4 49. Qxd4 Bxb4 50. Qxc4 Bxa5 51. Bb3 Qa7 52. Ka2 Bd2 53. Qc6 Kg7 54. Bc4 a5 55. Qd5 Bc3 56. Kb3 Bf6 57. Ka4 Qc7 58. g3 Bc3 59. Kb3 Be1 60. Qd4+ Kh7 61. Qd5 Qb6+ 62. Bb5 Qe3+ 63. Qd3 Qc1 64. Qc2 Qg5 65. Qc4 Qe7 66. Bc6 h4 67. gxh4 Bxh4 68. Bd5 Kg7 69. f4 Qf6 70. Qc3 Qxc3+ 71. Kxc3 f5 72. exf5 gxf5 73. Kd3 a4 74. Ke3 a3 75. Ba2 Bd8 76. Kf3 Bf6 77. Kg3 Bd8 78. h3 1/2-1/2

[Event "NRW Class2 0708"]
[Site "Germany"]
[Date "2008.04.06"]
[Round "8.3"]
[White "Hubert, Ralf"]
[Black "Peelen, Piet"]
[Result "0-1"]
[WhiteElo "2284"]
[BlackElo "2330"]
[PlyCount "126"]
[EventDate "2007.09.16"]
[EventType "team"]
[EventRounds "9"]
[EventCountry "GER"]
[SourceTitle "EXT 2009"]
[Source "ChessBase"]
[SourceDate "2008.11.26"]
[SourceVersion "1"]
[SourceVersionDate "2008.11.26"]
[SourceQuality "1"]
[WhiteTeam "Solingen III"]
[BlackTeam "Bochum II"]
[WhiteTeamCountry "GER"]
[BlackTeamCountry "GER"]

1. d4 Nf6 2. c4 g6 3. Nc3 d5 4. cxd5 Nxd5 5. Bd2 Bg7 6. Nf3 c5 7. e4 Nxc3 8. Bxc3 cxd4 9. Nxd4 0-0 10. Be2 Qb6 11. Nb5 Bxc3+ 12. Nxc3 Be6 13. 0-0 Qxb2 14. Nb5 Nc6 15. Rb1 Qe5 16. Qc2 g5 17. Bc4 Qc5 18. Rfc1 Qxc4 19. Qxc4 Bxc4 20. Rxc4 Rfd8 21. h3 f6 22. Kh2 Rd7 23. Nc3 Ne5 24. Ra4 Rc8 25. Nd5 b6 26. Rb2 Kf7 27. g3 e6 28. Ne3 Rc3 29. Kg2 h5 30. Rb3 Rcc7 31. Rb2 Rc3 32. Rb3 Rcc7 33. Rb2 Nd3 34. Rb1 Nc5 35. Rc4 Nd3 36. Kf1 Rxc4 37. Nxc4 Rc7 38. Nd6+ Ke7 39. Nb5 Rd7 40. Rb3 Nc5 41. Re3 a6 42. Nc3 Rd2 43. Re2 Rd3 44. Rc2 Rd4 45. Re2 Kd6 46. Kg2 Rd3 47. Rc2 b5 48. f3 b4 49. Ne2 e5 50. h4 a5 51. hxg5 fxg5 52. f4 Nxe4 53. fxg5 Nxg5 54. Nc1 Rd5 55. Rc8 Rc5 56. Rd8+ Ke7 57. Rd1 Rc2+ 58. Kf1 Ne4 59. Nd3 Nxg3+ 60. Kg1 e4 61. Nf4 Ne2+ 62. Nxe2 Rxe2 63. a3 bxa3 0-1

[Event "NRW Class1 0607"]
[Site "Germany"]
[Date "2007.04.15"]
[Round "8.2"]
[White "Lebedev, Dmitry"]
[Black "Hubert, Ralf"]
[Result "1/2-1/2"]
[WhiteElo "2230"]
[BlackElo "2276"]
[PlyCount "75"]
[EventDate "2006.09.17"]
[EventType "team-tourn"]
[EventRounds "9"]
[EventCountry "GER"]
[SourceTitle "EXT 2008"]
[Source "ChessBase"]
[SourceDate "2007.11.25"]
[SourceVersion "1"]
[SourceVersionDate "2007.11.25"]
[SourceQuality "1"]
[WhiteTeam "Koeln Porz III"]
[BlackTeam "Solingen III"]
[WhiteTeamCountry "GER"]
[BlackTeamCountry "GER"]

1. e4 c5 2. Nf3 d6 3. Bb5+ Nd7 4. c3 Ngf6 5. Qe2 a6 6. Bd3 Nh5 7. Qe3 g6 8. Bc2 Qc7 9. 0-0 Bg7 10. Na3 b5 11. b3 0-0 12. Bb2 e5 13. d4 Ndf6 14. h3 Ne8 15. Ne1 b4 16. cxb4 cxd4 17. Qd2 Nf4 18. Nd3 Bh6 19. Nxf4 Bxf4 20. Qe2 Ng7 21. Bd3 Bb7 22. b5 a5 23. Nc4 Ne6 24. Ba3 Rfd8 25. g3 Bh6 26. Kh2 a4 27. b4 Rac8 28. Bc1 Bg7 29. Na5 Ba8 30. Bd2 d5 31. f3 Qd7 32. Rac1 Bf6 33. h4 a3 34. Nc6 Re8 35. Rc2 Bb7 36. Rfc1 g5 37. h5 h6 38. Kg2 1/2-1/2

[Event "NRW Class1 0506"]
[Site "Germany"]
[Date "2006.04.02"]
[Round "8.2"]
[White "Hubert, Ralf"]
[Black "Becker, Marcel"]
[Result "1-0"]
[WhiteElo "2299"]
[BlackElo "2313"]
[PlyCount "149"]
[EventDate "2005.09.25"]
[EventType "team"]
[EventRounds "9"]
[EventCountry "GER"]
[SourceTitle "EXT 2006"]
[Source "ChessBase"]
[SourceDate "2005.11.24"]
[SourceVersion "1"]
[SourceVersionDate "2005.11.24"]
[SourceQuality "1"]
[WhiteTeam "Solingen III"]
[BlackTeam "Muelheim Nord II"]
[WhiteTeamCountry "GER"]
[BlackTeamCountry "GER"]

1. d4 d5 2. Nf3 c6 3. Bf4 Qb6 4. Qc1 Nf6 5. e3 Bf5 6. Bd3 Bxd3 7. cxd3 e6 8. h3 Be7 9. 0-0 0-0 10. Nc3 Nbd7 11. Na4 Qa6 12. Qc2 b6 13. Rfc1 Rfc8 14. Qd1 c5 15. dxc5 b5 16. c6 Rxc6 17. Rxc6 Qxc6 18. Nc3 b4 19. Ne2 Qa6 20. Ne1 e5 21. Bg3 Rc8 22. Rc1 h6 23. Rxc8+ Qxc8 24. Qa4 Qb7 25. Qa5 Kh7 26. Nf3 e4 27. dxe4 dxe4 28. Ne5 Nc5 29. Nd4 Bf8 30. b3 g6 31. Nec6 Nd3 32. Nxa7 Bc5 33. Nac6 Nd5 34. Qd8 Nc3 35. Kh1 Nxa2 36. Qe8 Nc3 37. Nd8 Qe7 38. Qxe7 Bxe7 39. Nxf7 Bf6 40. Nc6 Ne2 41. Nd6 Nxg3+ 42. fxg3 Bg5 43. Nc4 h5 44. Kg1 Kg7 45. Kf1 Nc5 46. Nxb4 Nxb3 47. Nd5 Nc5 48. Ke2 Kf7 49. Nd2 Ke6 50. Nc3 Kf5 51. Nd1 Na4 52. Nb3 Bh6 53. Kd2 Ke5 54. Nd4 Nb6 55. Nc2 Nd5 56. Nf2 Bg5 57. Ke2 Nc3+ 58. Ke1 Nd5 59. Kd2 Bd8 60. Ke2 Bb6 61. g4 h4 62. Nd1 Bc5 63. Na1 Ba7 64. Nb3 Bb6 65. Nd2 Bc5 66. Nf1 Bb4 67. Kf2 Bc5 68. Nb2 Ne7 69. g3 hxg3+ 70. Nxg3 Nd5 71. Nc4+ Ke6 72. Nxe4 Be7 73. Kf3 Nb4 74. Nf2 Kd5 75. Nb2 1-0

[Event "NRW Class1 0506"]
[Site "Germany"]
[Date "2005.10.09"]
[Round "2.2"]
[White "Rudolph, Anna"]
[Black "Hubert, Ralf"]
[Result "1-0"]
[WhiteElo "2229"]
[BlackElo "2299"]
[PlyCount "156"]
[EventDate "2005.09.25"]
[EventType "team"]
[EventRounds "9"]
[EventCountry "GER"]
[SourceTitle "EXT 2006"]
[Source "ChessBase"]
[SourceDate "2005.11.24"]
[SourceVersion "1"]
[SourceVersionDate "2005.11.24"]
[SourceQuality "1"]
[WhiteTeam "Duesseldorf II"]
[BlackTeam "Solingen III"]
[WhiteTeamCountry "GER"]
[BlackTeamCountry "GER"]

1. e4 c5 2. Nf3 b6 3. d4 cxd4 4. Nxd4 Bb7 5. Bd3 a6 6. c4 Qc7 7. Nc3 e6 8. Qe2 Nc6 9. Nxc6 Bxc6 10. 0-0 Bc5 11. Be3 Ne7 12. Bxc5 bxc5 13. f4 Rb8 14. b3 g5 15. e5 gxf4 16. Rxf4 f5 17. Re1 Ng6 18. Rf2 Qd8 19. Qe3 Qh4 20. Ne2 Rg8 21. g3 Qh3 22. Nf4 Nxf4 23. Bf1 Bg2 24. Rxf4 Bxf1 25. Rexf1 Kf7 26. R1f3 Rbc8 27. Qd2 Ke8 28. Qd6 Rg4 29. Qxa6 Rd8 30. Qd6 h5 31. Qxc5 h4 32. Rxg4 Qxg4 33. Qf2 Kf7 34. Rf4 Qg7 35. Rxh4 Qxe5 36. Rf4 Ra8 37. Rd4 d5 38. cxd5 Rc8 39. dxe6+ Kf6 40. Rd1 Qxe6 41. Qd4+ Kg5 42. Qf4+ Kh5 43. Qf3+ Kg6 44. Rf1 Rc2 45. Rf2 Qe1+ 46. Kg2 Rxf2+ 47. Qxf2 Qe4+ 48. Qf3 Qc2+ 49. Kh3 Qxa2 50. g4 fxg4+ 51. Qxg4+ Kf7 52. Qf4+ Ke7 53. b4 Qe2 54. Kh4 Qe1+ 55. Kg5 Qe6 56. h4 Qg8+ 57. Kh5 Qe8+ 58. Kg4 Qc8+ 59. Kf3 Qh3+ 60. Kf2 Qc8 61. Qg5+ Kf7 62. Qd5+ Kg6 63. Qc5 Qb8 64. h5+ Kh6 65. Ke3 Kh7 66. Qf5+ Kh8 67. b5 Qa7+ 68. Kf4 Qd4+ 69. Kg5 Qe3+ 70. Kf6 Qb6+ 71. Ke7 Qc7+ 72. Ke6 Qc8+ 73. Kf6 Qd8+ 74. Ke5 Qc7+ 75. Kd4 Qa7+ 76. Qc5 Qd7+ 77. Qd5 Qa7+ 78. Ke4 Qh7+ 1-0

[Event "Oberliga NRW 0405"]
[Site "Germany"]
[Date "2005.04.03"]
[Round "8.6"]
[White "Rumpf, Thomas"]
[Black "Hubert, Ralf"]
[Result "1/2-1/2"]
[WhiteElo "2252"]
[BlackElo "2320"]
[PlyCount "31"]
[EventDate "2004.10.10"]
[EventType "team-tourn"]
[EventRounds "9"]
[EventCountry "GER"]
[SourceTitle "EXT 2006"]
[Source "ChessBase"]
[SourceDate "2005.11.24"]
[SourceVersion "1"]
[SourceVersionDate "2005.11.24"]
[SourceQuality "1"]
[WhiteTeam "Dortmund Hansa"]
[BlackTeam "Solingen II"]
[WhiteTeamCountry "GER"]
[BlackTeamCountry "GER"]

1. e4 c5 2. Nf3 d6 3. c3 Nf6 4. Be2 Nbd7 5. d3 b6 6. Nbd2 Bb7 7. 0-0 e6 8. Re1 Be7 9. Bf1 0-0 10. d4 Qc7 11. Bd3 e5 12. d5 Nh5 13. Bc2 g6 14. Nf1 Bc8 15. a4 Nhf6 16. Ne3 1/2-1/2

[Event "Oberliga NRW 0405"]
[Site "Germany"]
[Date "2005.01.09"]
[Round "5.5"]
[White "Hubert, Ralf"]
[Black "Wolter, Kai"]
[Result "1-0"]
[WhiteElo "2320"]
[BlackElo "2242"]
[PlyCount "99"]
[EventDate "2004.10.10"]
[EventType "team-tourn"]
[EventRounds "9"]
[EventCountry "GER"]
[SourceTitle "EXT 2006"]
[Source "ChessBase"]
[SourceDate "2005.11.24"]
[SourceVersion "1"]
[SourceVersionDate "2005.11.24"]
[SourceQuality "1"]
[WhiteTeam "Solingen II"]
[BlackTeam "Muenster"]
[WhiteTeamCountry "GER"]
[BlackTeamCountry "GER"]

1. d4 Nf6 2. c4 g6 3. Nc3 Bg7 4. e4 d6 5. Nf3 0-0 6. Be2 e5 7. 0-0 Na6 8. Re1 c6 9. Rb1 exd4 10. Nxd4 Re8 11. Bf3 h6 12. Nc2 Nh7 13. Bf4 Be5 14. Bg3 Ng5 15. Ne3 Nc5 16. Bxe5 dxe5 17. Bg4 Qxd1 18. Rbxd1 a5 19. h4 Nge6 20. Bxe6 Bxe6 21. Rd2 Rad8 22. Red1 Rxd2 23. Rxd2 f5 24. exf5 gxf5 25. b3 Kf7 26. g3 Ke7 27. f4 Rg8 28. Kh2 e4 29. g4 fxg4 30. Kg3 h5 31. Rd4 Rd8 32. Rxd8 Kxd8 33. f5 Bc8 34. Kf4 Ke7 35. Ne2 Bd7 36. Ng3 Be8 37. Kg5 b5 38. cxb5 cxb5 39. Nxh5 Bxh5 40. Kxh5 g3 41. Kg4 Nd3 42. Kxg3 Nc1 43. h5 Nxa2 44. h6 Kf7 45. Ng4 Nc3 46. Ne5+ Kf6 47. Nd7+ Kf7 48. h7 Kg7 49. f6+ Kxh7 50. f7 1-0

[Event "Oberliga NRW 0405"]
[Site "Germany"]
[Date "2004.10.31"]
[Round "2.6"]
[White "Hubert, Ralf"]
[Black "Kober, Thorsten"]
[Result "0-1"]
[WhiteElo "2320"]
[BlackElo "2131"]
[PlyCount "102"]
[EventDate "2004.10.10"]
[EventType "team-tourn"]
[EventRounds "9"]
[EventCountry "GER"]
[SourceTitle "EXT 2006"]
[Source "ChessBase"]
[SourceDate "2005.11.24"]
[SourceVersion "1"]
[SourceVersionDate "2005.11.24"]
[SourceQuality "1"]
[WhiteTeam "Solingen II"]
[BlackTeam "Gerresheim"]
[WhiteTeamCountry "GER"]
[BlackTeamCountry "GER"]

1. d4 g6 2. e4 Bg7 3. Nf3 c6 4. Nc3 d5 5. h3 dxe4 6. Nxe4 Na6 7. Bd2 Nc7 8. Qc1 Nf6 9. Nxf6+ exf6 10. Bb4 Bf8 11. Bxf8 Kxf8 12. Qh6+ Kg8 13. Be2 Qf8 14. Qxf8+ Kxf8 15. 0-0-0 Be6 16. Nd2 Rd8 17. Ne4 Kg7 18. Nc5 b6 19. Nxe6+ fxe6 20. Rd3 Rd6 21. Ra3 a5 22. Rb3 b5 23. Bf3 Rb8 24. Rc3 Rb6 25. Re1 Kf7 26. Rc5 Rxd4 27. Rxc6 Rxc6 28. Bxc6 Ke7 29. Rd1 Rxd1+ 30. Kxd1 Kd6 31. Bb7 g5 32. Kd2 h5 33. Kd3 Nd5 34. c3 h4 35. a3 Nf4+ 36. Ke3 Kc5 37. Kd2 Kc4 38. Kc2 a4 39. Bc8 Kc5 40. b4+ axb3+ 41. Kxb3 e5 42. Bb7 Nd3 43. c4 bxc4+ 44. Kc3 Nxf2 45. a4 Nd1+ 46. Kd2 Nb2 47. a5 Na4 48. a6 Kb6 49. Bc8 Ka7 50. Ke3 Nc5 51. Kf3 Nxa6 0-1

[Event "Oberliga NRW 0304"]
[Site "Germany"]
[Date "2004.01.11"]
[Round "5.5"]
[White "Hubert, Ralf"]
[Black "Wolf, Ulrich Martin"]
[Result "0-1"]
[WhiteElo "2303"]
[BlackElo "2218"]
[PlyCount "86"]
[EventDate "2003.09.28"]
[EventType "team-tourn"]
[EventRounds "9"]
[EventCountry "GER"]
[SourceTitle "CBM 098 Extra"]
[Source "ChessBase"]
[SourceDate "2004.03.10"]
[SourceVersion "2"]
[SourceVersionDate "2004.03.10"]
[SourceQuality "1"]
[WhiteTeam "Solingen II"]
[BlackTeam "Dortmund Hansa"]
[WhiteTeamCountry "GER"]
[BlackTeamCountry "GER"]

1. d4 f5 2. h4 Nf6 3. Bg5 e6 4. e3 Be7 5. Nd2 0-0 6. Nh3 b6 7. Nf4 d5 8. c3 Qe8 9. Qb3 Kh8 10. Bb5 c6 11. Be2 Bd8 12. Nf3 Ba6 13. Bxa6 Nxa6 14. Qa3 Nc7 15. Qd6 Ne4 16. Qe5 Qd7 17. Bxd8 Raxd8 18. Ng5 Rde8 19. Ng6+ hxg6 20. h5 Qd6 21. hxg6+ Kg8 22. Nh7 Qxe5 23. dxe5 f4 24. Rh3 fxe3 25. f3 Nc5 26. Ke2 Nd7 27. Rah1 Nxe5 28. Nxf8 Kxf8 29. Rg3 Ke7 30. Kxe3 Nc4+ 31. Ke2 Nxb2 32. Rg4 Nc4 33. Rf4 Ne5 34. Ra4 a6 35. Rh5 Nxg6 36. Rg5 Kf6 37. Rag4 Ne5 38. Rg3 Rg8 39. f4 Nc4 40. f5 exf5 41. Rg6+ Kf7 42. Rxc6 Ne6 43. Kf2 f4 0-1